Výzvy v jazykovom vzdelávaní cudzincov na univerzite
Príspevok sa venuje jazykovému vzdelávaniu zahraničných študentov slovenských vysokých škôl, pričom zahŕňa opis súčasných potrieb týchto študentov vzhľadom na ich rečové kompetencie, ktoré sú potrebné v komunikácii v slovenskom jazyku. Prezentuje tiež možné riešenia pre naplnenie týchto potrieb, kto...
Saved in:
| Main Author: | |
|---|---|
| Other Authors: | |
| Format: | Book Chapter |
| Language: | Slovak |
| Subjects: | |
| Tags: |
No Tags, Be the first to tag this record!
|
MARC
| LEADER | 00000naa a2200000 4500 | ||
|---|---|---|---|
| 001 | 0300550 | ||
| 005 | 20240531133047.0 | ||
| 041 | 0 | |a slo | |
| 044 | |a SK | ||
| 245 | 1 | 0 | |a Výzvy v jazykovom vzdelávaní cudzincov na univerzite |c Lenka Štvrtecká, Viktória Gergelyová |
| 520 | |a Príspevok sa venuje jazykovému vzdelávaniu zahraničných študentov slovenských vysokých škôl, pričom zahŕňa opis súčasných potrieb týchto študentov vzhľadom na ich rečové kompetencie, ktoré sú potrebné v komunikácii v slovenskom jazyku. Prezentuje tiež možné riešenia pre naplnenie týchto potrieb, ktoré by vyhovovali nielen požiadavkám moderného jazykového vzdelávania, ale vyhoveli by potrebám poslucháčov jazykových kurzov slovenčiny ako cudzieho jazyka. | ||
| 610 | 2 | 0 | |a cudzinci |
| 610 | 2 | 0 | |a vzdelávanie |
| 610 | 2 | 0 | |a univerzity |
| 610 | 2 | 0 | |a jazyky cudzie |
| 610 | 2 | 0 | |a slovenčina |
| 100 | 1 | |a Štvrtecká, Lenka | |
| 700 | 1 | |a Gergelyová, Viktória | |